[Event "Druzynowe Mistrzostwa Polski Juniorow 2018 - II Liga"]
[Site "Szczyrk"]
[Date "1899-12-30"]
[Round "5.37"]
[White "Kokoszczynski, Jan"]
[Black "Kus, Aleksander"]
[Result "1-0"]
[WhiteTitle "k"]
[BlackTitle "k"]
[WhiteElo "2111"]
[BlackElo "1934"]

1. d4 Nf6 2. Bg5 e6 3. e4 h6 4. Bxf6 Qxf6 5. Nf3 d5 6. Nbd2 b6 7. c3 Bb7 8. Bd3
Nd7 9. Qe2 c5 10. exd5 Bxd5 11. Ne4 Bxe4 12. Qxe4 Rd8 13. Bb5 cxd4 14. Ne5 Bc5
15. Nxd7 Rxd7 16. O-O Qe7 17. cxd4 Bd6 18. Qc6 a6 19. Qc8+ Qd8 20. Bxd7+ Ke7 21.
Qxd8+ Rxd8 22. Ba4 b5 23. Bb3 Bc7 24. Rfd1 Bb6 25. d5 exd5 26. Rxd5 1-0

[Event "Druzynowe Mistrzostwa Polski Juniorow 2018 - II Liga"]
[Site "Szczyrk"]
[Date "1899-12-30"]
[Round "5.38"]
[White "Nowak, Patrycja"]
[Black "Golecki, Jan"]
[Result "0-1"]
[WhiteTitle "II"]
[BlackTitle "I++"]
[WhiteElo "1160"]
[BlackElo "2001"]

1. e4 Nf6 2. e5 Nd5 3. d4 d6 4. exd6 exd6 5. Nf3 Be7 6. Be2 Nc6 7. O-O O-O 8. b3
Bf6 9. Bb2 Nf4 10. Bb5 Bg4 11. Bxc6 bxc6 12. Nc3 Re8 13. Bc1 Ne6 14. Qd3 Bxf3
15. Qxf3 Nxd4 16. Qd3 d5 17. Rb1 Qd6 18. Be3 Ne6 19. Ne2 c5 20. c4 d4 21. Bc1
a5 22. f4 Nf8 23. f5 Be5 24. Bf4 Nd7 25. Bxe5 Qxe5 26. Rbe1 Nf6 27. Nf4 Qxe1 28.
Rxe1 Rxe1+ 29. Kf2 Rae8 30. Qf3 R1e3 31. Qd1 Ne4+ 32. Kf1 d3 33. Nd5 Re2 34. Qxd3
Rd2 35. Qh3 Rd1+ 36. Ke2 Nc3+ 37. Kf2 Re2+ 38. Kf3 Rd3+ 39. Kg4 Re4+ 0-1

[Event "Druzynowe Mistrzostwa Polski Juniorow 2018 - II Liga"]
[Site "Szczyrk"]
[Date "1899-12-30"]
[Round "5.39"]
[White "Szemplinski, Jerzy"]
[Black "Franc, Piotr"]
[Result "1-0"]
[WhiteTitle "II"]
[BlackTitle "II"]
[WhiteElo "1411"]
[BlackElo "1196"]

1. e4 e6 2. d4 d5 3. Nd2 Nf6 4. e5 Nfd7 5. c3 c5 6. Bd3 Nc6 7. Ne2 cxd4 8. cxd4
f6 9. Nf4 Nxd4 10. Qh5+ Ke7 11. Ng6+ hxg6 12. exf6+ Nxf6 13. Qxh8 Kf7 14. O-O
e5 15. Nb3 Nxb3 16. axb3 e4 17. Be2 Be6 18. Bg5 d4 19. Bc4 Bxc4 20. bxc4 Qb6 21.
Qh4 e3 22. fxe3 dxe3 23. Bxf6 e2+ 24. Bd4+ 1-0

[Event "Druzynowe Mistrzostwa Polski Juniorow 2018 - II Liga"]
[Site "Szczyrk"]
[Date "1899-12-30"]
[Round "5.40"]
[White "Dopierala, Adam"]
[Black "Kazmierowski, Tymon"]
[Result "1-0"]
[WhiteTitle "II"]
[BlackTitle "II"]
[WhiteElo "1164"]
[BlackElo "1452"]

1. e4 c5 2. Nf3 d6 3. d4 Nf6 4. Nc3 cxd4 5. Nxd4 g6 6. Be3 Bg7 7. Be2 O-O 8. O-O
Nc6 9. Nb3 Be6 10. f3 Rc8 11. Nd5 Nd7 12. c3 a6 13. a4 Bxd5 14. exd5 Nce5 15.
Nd2 Nf6 16. Qb3 Qd7 17. Rfd1 Nh5 18. Nc4 Nxc4 19. Bxc4 f5 20. f4 g5 21. Rf1 gxf4
22. Bxf4 Qc7 23. Bd3 Qc5+ 24. Kh1 b6 25. Bxa6 Ra8 26. Qc4 Nf6 27. Qxc5 bxc5 28.
Bd3 Nxd5 29. Bc4 e6 30. Bxd5 exd5 31. Bxd6 Rfc8 32. Rxf5 d4 33. Be5 Bxe5 34. Rxe5
dxc3 35. bxc3 Kf7 36. a5 Kf6 37. Rd5 Ke6 38. Rh5 Ra7 39. a6 Kf6 40. c4 Kg6 41.
Rd5 Rc6 42. g3 Kf6 43. Kg2 Ke6 44. Kf3 Kf6 45. Kf4 Kf7 46. Rf5+ Kg6 47. h4 h5
48. g4 hxg4 49. Kxg4 Rcxa6 50. Rxa6+ Rxa6 51. Rxc5 Ra1 52. Rc6+ Kg7 53. Rc7+ Kg6
54. Rc6+ Kg7 55. Kh5 Re1 56. Rg6+ Kh7 57. c5 Re5+ 58. Rg5 Re6 59. Rf5 Rc6 60.
Kg5 Kg7 61. h5 Re6 62. Kf4 Kh6 63. Re5 Rf6+ 64. Ke4 Kg7 65. Kd5 Kf7 66. c6 Rf1
67. Kd6 Rb1 68. Kd7 Rd1+ 69. Kc7 Kf6 70. Re8 Kf7 71. Rd8 Rc1 72. h6 Kg6 73. Rd6+
Kh7 74. Kd7 Rh1 75. c7 Rxh6 76. Rxh6+ Kxh6 77. Qc8 Kg6 78. Qf8 Kg5 79. Qf3 Kg6
80. Ke6 Kg7 81. Qf6+ Kh7 82. Qg5 1-0

[Event "Druzynowe Mistrzostwa Polski Juniorow 2018 - II Liga"]
[Site "Szczyrk"]
[Date "1899-12-30"]
[Round "5.41"]
[White "Krzysztynska, Anna"]
[Black "Roszkiewicz, Anna"]
[Result "0-1"]
[WhiteTitle "I+"]
[BlackTitle "I++"]
[WhiteElo "1758"]
[BlackElo "1666"]

1. e4 c5 2. Nf3 d6 3. d4 cxd4 4. Qxd4 Nc6 5. Bb5 Bd7 6. Qd3 Nf6 7. Bg5 e6 8. Nc3
Nb4 9. Qe2 Be7 10. O-O-O Ng4 11. Bxe7 Qxe7 12. h3 Nh6 13. Bxd7+ Qxd7 14. Ne5 Qc7
15. Nb5 Qa5 16. Nxd6+ Ke7 17. a3 Na2+ 18. Kb1 Nc3+ 19. bxc3 Qxe5 20. Qb5 Qxb5+
21. Nxb5 a6 22. Nd4 Rac8 23. Kb2 f6 24. f4 Nf7 25. f5 e5 26. Ne6 Nd6 27. Rhe1
Rc4 28. Rd3 Rxe4 29. Rxe4 Nxe4 30. g4 g6 31. Re3 gxf5 32. Ng7 Nd6 33. Nxf5+ Nxf5
34. gxf5 Rg8 35. c4 Rg5 36. Rf3 Kd6 37. Kc3 e4 38. Rf4 Ke5 39. Rh4 h5 40. a4 Rxf5
41. a5 Rg5 42. Kd2 f5 43. Ke3 f4+ 44. Kf2 Rf5 45. c3 Kd6 46. Ke2 Kc5 47. Kd1 Kxc4
48. Kd2 e3+ 49. Kc2 Kb5 50. Kd3 Kxa5 51. Ke2 Kb5 52. Kd3 a5 53. Ke2 Kc4 54. Kd1
Kxc3 55. Ke2 a4 56. Kf3 Kd3 0-1

[Event "Druzynowe Mistrzostwa Polski Juniorow 2018 - II Liga"]
[Site "Szczyrk"]
[Date "1899-12-30"]
[Round "5.43"]
[White "Klepek, Witold"]
[Black "Poziomkowski, Szymon"]
[Result "1-0"]
[WhiteTitle "k+"]
[BlackTitle "I"]
[WhiteElo "2076"]
[BlackElo "1767"]

1. e4 c5 2. Nf3 a6 3. c3 d5 4. exd5 Qxd5 5. d4 Nf6 6. Be2 e6 7. O-O Nc6 8. Be3
cxd4 9. cxd4 Be7 10. Nc3 Qd6 11. Nd2 b5 12. Bf3 Bb7 13. a4 b4 14. Nc4 Qc7 15.
Ne2 Nd5 16. Rc1 O-O 17. Ne5 Rac8 18. Nf4 Rfd8 19. Nxd5 exd5 20. Bg4 Rb8 21. Nxc6
Bxc6 22. Qc2 Rb6 23. a5 Rb5 24. Qxc6 Qxa5 25. Ra1 Qb6 26. Rxa6 1-0

[Event "Druzynowe Mistrzostwa Polski Juniorow 2018 - II Liga"]
[Site "Szczyrk"]
[Date "1899-12-30"]
[Round "5.44"]
[White "Fiszer, Bartosz"]
[Black "Burzak, Wojciech"]
[Result "1/2-1/2"]
[WhiteTitle "CM"]
[BlackTitle "I"]
[WhiteElo "2011"]
[BlackElo "1749"]

1. e4 c5 2. Nf3 e6 3. d4 cxd4 4. Nxd4 a6 5. c4 Nf6 6. Nc3 Bb4 7. Qd3 d5 8. exd5
exd5 9. Be2 O-O 10. O-O dxc4 11. Qxc4 Bd6 12. Bf3 Nbd7 13. Bg5 Ne5 14. Qe2 Nxf3+
15. Nxf3 Bg4 16. h3 Bxf3 17. Qxf3 h6 18. Bh4 Be5 19. Rfe1 Bxc3 20. Qxc3 Rc8 21.
Qb3 Qd4 22. Bg3 b5 23. Be5 Qc4 24. Bxf6 gxf6 25. Qf3 Qd4 26. Rad1 Qxb2 27. Qf4
Rc5 28. Qxh6 Rg5 29. h4 Rg6 30. Qf4 Kg7 31. Rd6 a5 32. g4 Qb4 33. Qxb4 axb4 34.
f3 f5 35. Rxg6+ fxg6 36. Re7+ Kf6 37. Rb7 fxg4 38. fxg4 Ra8 39. Rxb5 Rxa2 40.
Rxb4 Kg7 41. g5 Rc2 42. Rf4 Rb2 43. Rf2 Rb4 44. Rh2 Kf7 45. Kf2 Rb3 46. Rh1 Kg7
47. Re1 Rh3 48. Re4 Rb3 49. Re3 Rb5 50. Kg3 Rb4 51. Re7+ Kg8 52. Re6 Kg7 53. Rf6
Ra4 54. Rf4 Ra3+ 55. Kg4 Ra6 56. Rb4 Rc6 57. Rb7+ Kg8 58. Kf4 Re6 59. Ra7 Kh8
60. h5 gxh5 61. Kf5 Rb6 62. g6 h4 63. Rh7+ Kg8 64. Rxh4 Rb1 65. Kg5 Rg1+ 66. Kh6
Rg2 67. Rh3 Rg1 68. Rf3 Rh1+ 69. Kg5 Rg1+ 70. Kf6 Rg2 71. Rf4 1/2-1/2

[Event "Druzynowe Mistrzostwa Polski Juniorow 2018 - II Liga"]
[Site "Szczyrk"]
[Date "1899-12-30"]
[Round "5.45"]
[White "Kozubek, Krystian"]
[Black "Cwiek, Ryszard"]
[Result "1-0"]
[WhiteTitle "II"]
[BlackTitle "I"]
[WhiteElo "1386"]
[BlackElo "1741"]

1. e4 g6 2. d4 Bg7 3. Nc3 d5 4. exd5 Nf6 5. Nf3 Nxd5 6. Nxd5 Qxd5 7. c4 Qe4+ 8.
Be2 Bf5 9. O-O O-O 10. Be3 Qc2 11. Qxc2 Bxc2 12. Rac1 Bf5 13. h3 h5 14. Rfd1 Rd8
15. Rd2 c5 16. Rcd1 cxd4 17. Nxd4 Bxd4 18. Rxd4 Rxd4 19. Rxd4 Nc6 20. Rd2 e5 21.
Bd3 Be6 22. Be2 a6 23. b3 a5 24. a3 Rd8 25. Rxd8+ Nxd8 26. Kf1 Nc6 27. Ke1 Kg7
28. Bc5 Nd4 29. Bxd4 exd4 30. Kd2 Kf6 31. b4 axb4 32. axb4 Ke5 33. c5 Bd5 34.
g3 Be4 35. Bc4 Bd5 36. Bd3 g5 37. Ke2 h4 38. Bb5 Bg2 39. Bd7 Kd5 40. gxh4 gxh4
41. f3 Kc4 42. Kf2 d3 43. Kxg2 Kxb4 44. Kf2 Kc3 45. Ke3 Kc2 46. Bf5 Kc3 47. Bxd3
Kb4 48. Kd4 f6 49. Be4 f5 50. Bxb7 f4 51. c6 Ka5 52. c7 Kb6 53. Qc8 Ka7 54. Be4
Kb6 55. Qc6+ Ka5 56. Qb7 Ka4 57. Kc4 Ka5 58. Qb5# 1-0

[Event "Druzynowe Mistrzostwa Polski Juniorow 2018 - II Liga"]
[Site "Szczyrk"]
[Date "1899-12-30"]
[Round "5.46"]
[White "Fiszer, Jakub"]
[Black "Gradalski, Olaf"]
[Result "1/2-1/2"]
[WhiteTitle "II"]
[BlackTitle "II"]
[WhiteElo "1271"]
[BlackElo "1224"]

1. e4 e6 2. d4 d5 3. Nc3 Bb4 4. e5 c5 5. Nf3 Nc6 6. a3 Bxc3+ 7. bxc3 Qa5 8. Bd2
Qa4 9. Be3 c4 10. Be2 Nge7 11. O-O Bd7 12. Qd2 h6 13. Rab1 b6 14. Qc1 O-O-O 15.
Qb2 Rdf8 16. g3 Nf5 17. Bd2 g5 18. Ne1 Rfg8 19. Ng2 h5 20. h3 Rh7 21. Kh1 Kb8
22. Qc1 g4 23. h4 Qa6 24. Bg5 Qc8 25. Ne3 Nce7 26. Ng2 Ng6 27. Kg1 Qf8 28. Bf6
Ng7 29. f3 gxf3 30. Rxf3 Nf5 31. Kh2 Kc7 32. Ne3 Nge7 33. Ng2 Ng6 34. Ne3 Nge7
35. Ng2 Ng6 36. Ne3 Nge7 1/2-1/2

[Event "Druzynowe Mistrzostwa Polski Juniorow 2018 - II Liga"]
[Site "Szczyrk"]
[Date "1899-12-30"]
[Round "5.47"]
[White "Gredka, Dominika"]
[Black "Szelejewska, Maria"]
[Result "1/2-1/2"]
[WhiteTitle "I++"]
[BlackTitle "I"]
[WhiteElo "1794"]
[BlackElo "1184"]

1. e4 c6 2. d4 d5 3. e5 c5 4. c3 Nc6 5. Be2 e6 6. Nf3 Nge7 7. O-O Nf5 8. dxc5 Bxc5
9. b4 Bf8 10. b5 Nce7 11. Nbd2 Ng6 12. c4 Nf4 13. cxd5 Nxd5 14. Ne4 b6 15. Qb3
Be7 16. Rd1 O-O 17. Bc4 Bb7 18. Nc3 Qc7 19. Nxd5 Bxd5 20. Bxd5 exd5 21. Rxd5 Rfd8
22. Rxd8+ Rxd8 23. Bb2 Kf8 24. Rc1 Qd7 25. h3 g6 26. a4 Bc5 27. Ba3 Qe7 28. Bxc5
bxc5 29. Qc4 Nd4 30. Nxd4 Rxd4 31. Qxc5 Qxc5 32. Rxc5 Rxa4 33. g3 h5 34. Kg2 Ra3
35. Rc7 Rb3 36. Rb7 Ra3 37. g4 h4 38. b6 axb6 39. Rxb6 Ke7 40. Rb8 g5 41. Rg8
f6 42. exf6+ Kxf6 43. Rf8+ Kg6 44. Rf3 Ra2 45. Re3 Rb2 46. Kf3 Rb4 47. Rd3 Ra4
48. Ke3 Rb4 49. Rd4 Rb3+ 50. Rd3 Rb4 51. Rd6+ Kg7 52. Rd3 Ra4 53. Rb3 Rc4 54.
Ra3 Rb4 55. Ra7+ Kg6 56. Ra6+ Kg7 57. Ra3 Rc4 58. Rd3 Ra4 59. Kf3 Rb4 60. Ke2
Rb2+ 61. Ke3 Rb4 62. Rc3 1/2-1/2

[Event "Druzynowe Mistrzostwa Polski Juniorow 2018 - II Liga"]
[Site "Szczyrk"]
[Date "1899-12-30"]
[Round "5.48"]
[White "Pawlowska, Emilia"]
[Black "Jureczko, Anna"]
[Result "1/2-1/2"]
[WhiteTitle "II"]
[BlackTitle "II+"]
[WhiteElo "1225"]
[BlackElo "1204"]

1. e4 e5 2. Nf3 Nc6 3. Nc3 Nf6 4. Bb5 Bb4 5. O-O O-O 6. d3 d6 7. Bxc6 bxc6 8. Bg5
Bg4 9. h3 Bh5 10. a3 Bc5 11. Re1 Rb8 12. Rb1 Qe7 13. Na4 Bb6 14. Nxb6 Rxb6 15.
Re3 Rfb8 16. b3 a5 17. a4 h6 18. Bxf6 Qxf6 19. Qd2 Rb4 20. Nh2 Qd8 21. Rg3 Bg6
22. f4 exf4 23. Qxf4 Rxa4 24. Rf1 Rab4 25. Nf3 Kh7 26. Nh4 Qe8 27. Nxg6 fxg6 28.
Qf7 a4 29. bxa4 Rxa4 30. Qxc7 Rd4 31. Rf7 Qe5 32. Rxg7+ Qxg7 33. Qxb8 h5 34. Qe8
Ra4 35. Qxc6 Qd4+ 36. Kh2 Ra1 37. Rf3 Qg1+ 38. Kg3 Qe1+ 39. Kh2 Qg1+ 40. Kg3 Qe1+
41. Kh2 Qg1+ 42. Kg3 Qe1+ 1/2-1/2

[Event "Druzynowe Mistrzostwa Polski Juniorow 2018 - II Liga"]
[Site "Szczyrk"]
[Date "1899-12-30"]
[Round "5.50"]
[White "Radecki, Adam"]
[Black "Strugarek, Lukasz"]
[Result "1-0"]
[WhiteTitle "I"]
[BlackTitle "II"]
[WhiteElo "1702"]
[BlackElo "1624"]

1. e4 c5 2. d3 Nc6 3. g3 g6 4. Bg2 Bg7 5. Nd2 e6 6. Ngf3 Nge7 7. O-O O-O 8. c3
b6 9. Qc2 Bb7 10. Nh4 d5 11. Re1 Rc8 12. f4 Qc7 13. Ndf3 Rfd8 14. f5 e5 15. fxg6
hxg6 16. Ng5 dxe4 17. dxe4 Ba6 18. Bh3 Rb8 19. Qf2 Rf8 20. Qf3 Rbd8 21. Be3 Rd6
22. Rad1 Qd8 23. Rxd6 Qxd6 24. Rd1 Qf6 25. Qg2 Rd8 26. Rxd8+ Nxd8 27. Qd2 Nec6
28. Ngf3 Bf8 29. Bf1 Bxf1 30. Kxf1 Qd6 31. Qd5 Ne6 32. Ng5 Ncd8 33. Nhf3 Nc7 34.
Qxe5 Qxe5 35. Nxe5 f6 36. Nxg6 fxg5 37. Bxg5 Nce6 38. Be3 Bg7 39. Ke2 Kf7 40.
Nh4 Nc6 41. Nf3 Ne5 42. Nxe5+ Bxe5 43. Kf3 Kf6 44. h4 Kg6 45. Kg4 Kf7 46. Bf4
Nxf4 47. gxf4 Bd6 48. Kf5 Be7 49. h5 Bf8 50. e5 b5 51. Ke4 b4 52. cxb4 cxb4 53.
b3 Ke6 54. f5+ Ke7 55. Kd5 Kf7 56. Kc6 Bg7 57. Kd6 Bf8+ 58. Kd7 a6 59. e6+ Kf6
60. h6 1-0

[Event "Druzynowe Mistrzostwa Polski Juniorow 2018 - II Liga"]
[Site "Szczyrk"]
[Date "1899-12-30"]
[Round "5.51"]
[White "Kebel, Bartosz"]
[Black "Piechota, Kamil"]
[Result "1/2-1/2"]
[WhiteTitle "II"]
[BlackTitle "II"]
[WhiteElo "1397"]
[BlackElo "1521"]

1. d4 Nf6 2. c4 g6 3. Nc3 d5 4. cxd5 Nxd5 5. e4 Nxc3 6. bxc3 Bg7 7. Bc4 c5 8. Qf3
O-O 9. d5 b5 10. Bb3 c4 11. Bc2 f5 12. Qe3 fxe4 13. Bxe4 Bb7 14. Ne2 Bxd5 15.
O-O Bxe4 16. Qxe4 Qd7 17. Ba3 Qc6 18. Qe3 Re8 19. Nd4 Bxd4 20. Qxd4 e5 21. Qe3
Nd7 22. Rfd1 Re6 23. Rd2 Nb6 24. Rad1 Rae8 25. Bc5 Qc7 26. h3 a6 27. Bb4 Nc8 28.
Rd7 Qc6 29. Qh6 Ne7 30. Bxe7 R6xe7 31. R1d6 Qxd7 32. Rxd7 Rxd7 33. Qe3 Rde7 34.
Kf1 1/2-1/2

[Event "Druzynowe Mistrzostwa Polski Juniorow 2018 - II Liga"]
[Site "Szczyrk"]
[Date "1899-12-30"]
[Round "5.52"]
[White "Kubik, Rafal"]
[Black "Sleczka, Krzysztof"]
[Result "0-1"]
[WhiteTitle "III"]
[BlackTitle "II"]
[WhiteElo "1199"]
[BlackElo "1169"]

1. d4 d5 2. c4 e6 3. Nc3 Nf6 4. Bg5 c6 5. e3 Nbd7 6. Qc2 Qa5 7. a3 dxc4 8. Bxc4
Qxg5 9. f4 Qa5 10. b4 Qc7 11. Nf3 Nd5 12. Qd3 Be7 13. Ne4 h6 14. Rc1 N7f6 15.
Nxf6+ Bxf6 16. O-O Bd7 17. Rc2 O-O 18. Bxd5 exd5 19. Rfc1 Qd6 20. Nd2 Rfe8 21.
Rc3 Re7 22. Nb3 b6 23. h3 Rae8 24. Qd2 Re4 25. Kf2 Bh4+ 26. Kf3 Qg6 27. g4 f5
28. Qg2 Qe6 29. Re1 Bxe1 0-1

[Event "Druzynowe Mistrzostwa Polski Juniorow 2018 - II Liga"]
[Site "Szczyrk"]
[Date "1899-12-30"]
[Round "5.53"]
[White "Skiba, Aleksandra"]
[Black "Obrochta, Lena"]
[Result "1/2-1/2"]
[WhiteTitle "I+"]
[BlackTitle "I"]
[WhiteElo "1659"]
[BlackElo "1422"]

1. d4 d5 2. c4 e6 3. Nc3 Nf6 4. Bg5 Be7 5. e3 O-O 6. Nf3 h6 7. Bh4 b6 8. cxd5 exd5
9. Bd3 Bb7 10. O-O Nbd7 11. Rc1 c5 12. Bb1 Rc8 13. Qd3 Re8 14. Rfd1 a6 15. h3
Bd6 16. Bxf6 Nxf6 17. Qf5 Qe7 18. Nh2 Bxh2+ 19. Kxh2 Ba8 20. Na4 Bc6 21. Nc3 Bb7
22. Kg1 Bc6 23. Qd3 c4 24. Qf5 b5 25. Ne2 Qd7 26. Ng3 b4 27. Qf3 Ne4 28. Bxe4
dxe4 29. Qf5 Qd5 30. Rd2 Rcd8 31. Qxd5 Bxd5 32. Ne2 g5 33. Kf1 a5 34. a3 Ra8 35.
Rdc2 Kg7 36. Ke1 Kg6 37. Kd2 f6 38. f3 1/2-1/2

[Event "Druzynowe Mistrzostwa Polski Juniorow 2018 - II Liga"]
[Site "Szczyrk"]
[Date "1899-12-30"]
[Round "5.54"]
[White "Czerwinska, Oliwia"]
[Black "Kulczycka, Zofia"]
[Result "1-0"]
[WhiteTitle "I"]
[BlackTitle "II+"]
[WhiteElo "1245"]
[BlackElo "1181"]

1. e4 c5 2. c3 d5 3. exd5 Qxd5 4. d4 Nf6 5. Nf3 e6 6. Be3 cxd4 7. Qxd4 Nc6 8. Qxd5
Nxd5 9. Bd2 Bd6 10. Bc4 O-O 11. O-O Bd7 12. Rd1 Nb6 13. Bb3 Bc5 14. Bf4 Rfd8 15.
Bc7 Na5 16. Bxd8 Rxd8 17. Nbd2 Bb5 18. Ne4 Rxd1+ 19. Rxd1 Be7 20. Nd4 Be8 21.
Rc1 Nac4 22. Bxc4 Nxc4 23. Rc2 h6 24. Nd2 Ne5 25. N2f3 Nd3 26. Rd2 Nc5 27. Kf1
Kf8 28. Kg1 Kg8 29. Nb3 Ne4 30. Rd4 Nd6 31. c4 Nf5 32. Rd2 Nd6 33. Rc2 Kf8 34.
Nbd4 Ne4 35. Nd2 Nc5 36. b4 Nd3 37. a3 Ba4 38. Rc3 Ne5 39. Re3 Ng4 40. Rf3 Ne5
41. Re3 Ng4 42. Re4 Nf6 43. Re5 Bd7 44. Nb5 Ng4 45. Re4 Nf6 46. Rd4 a6 47. Nd6
Bc6 48. c5 Nd5 49. N2c4 Bf6 50. Rd3 Nf4 51. Rd1 Nd5 52. Na5 Ba4 53. Rf1 b6 54.
cxb6 Nxb6 55. Rc1 Ke7 56. Nc8+ Nxc8 57. Rxc8 Bb5 58. Rc7+ Ke8 59. Nb7 Be5 60.
Rc2 Ba4 61. Re2 Bf6 62. Nc5 Bb5 63. Rd2 Be7 64. a4 Bc4 65. Rc2 Bd5 66. Nxa6 Bb3
67. Rc8+ Kd7 68. Rc7+ Kd8 69. Rxe7 Kxe7 70. Nc5 Bc4 71. a5 Kd6 72. a6 Bxa6 73.
Nxa6 Kc6 74. f3 Kb5 75. Nc7+ Kxb4 76. Ne8 g6 77. Kf2 Kc5 78. Ke3 Kd5 79. Nf6+
Kd6 80. Ke4 h5 81. h4 e5 82. g4 hxg4 83. fxg4 Ke6 84. g5 Kd6 85. Ne8+ Ke6 86.
Nf6 Kd6 87. Ng4 Ke6 88. Nxe5 f6 89. Nxg6 fxg5 90. hxg5 Kf7 91. Kf5 Kg7 92. Nf4
Kf7 93. g6+ Kg7 94. Ne6+ Kg8 95. Kf6 1-0

[Event "Druzynowe Mistrzostwa Polski Juniorow 2018 - II Liga"]
[Site "Szczyrk"]
[Date "1899-12-30"]
[Round "5.55"]
[White "Kucharski, Bartlomiej"]
[Black "Burdzicki, Jan"]
[Result "1-0"]
[WhiteTitle "I"]
[BlackTitle "II+"]
[WhiteElo "1861"]
[BlackElo "1613"]

1. d3 d5 2. f4 Nf6 3. Nf3 Nc6 4. g3 g6 5. Bg2 Bg7 6. O-O O-O 7. Qe1 Re8 8. e4 e5
9. fxe5 Nxe5 10. Nxe5 Rxe5 11. d4 Re8 12. e5 Ng4 13. h3 Nh6 14. Qf2 Rf8 15. Nc3
c6 16. Ne2 Bf5 17. g4 Bxc2 18. Ng3 Bd3 19. Rd1 Be4 20. Bxe4 dxe4 21. Nxe4 Kh8
22. Bg5 Qd5 23. Nf6 Nxg4 24. hxg4 Qe6 25. Qh4 1-0

[Event "Druzynowe Mistrzostwa Polski Juniorow 2018 - II Liga"]
[Site "Szczyrk"]
[Date "1899-12-30"]
[Round "5.56"]
[White "Burdzicki, Stanislaw"]
[Black "Wolak, Kamil"]
[Result "0-0"]
[WhiteTitle "II+"]
[BlackTitle "II+"]
[WhiteElo "1623"]
[BlackElo "1579"]

1. d4 d5 2. c4 e6 3. Nf3 c6 4. Qc2 f5 5. Bf4 Bd6 6. Bxd6 Qxd6 7. e3 Nf6 8. g3 O-O
9. Bg2 b6 10. Nbd2 Nbd7 11. O-O Bb7 12. Rac1 Rac8 13. b3 Qe7 14. Qb2 Ne4 15. b4
Ndf6 16. cxd5 Nxd2 17. Qxd2 cxd5 18. Ne5 Nd7 19. Nxd7 Qxd7 20. Rxc8 Rxc8 21. Rc1
Ba6 22. Bf1 Bxf1 23. Rxc8+ Qxc8 24. Kxf1 Qc4+ 25. Kg2 Kf7 26. a3 b5 27. Qd1 g6
28. Qd2 a6 29. Qb2 Ke7 30. h4 0-1

[Event "Druzynowe Mistrzostwa Polski Juniorow 2018 - II Liga"]
[Site "Szczyrk"]
[Date "1899-12-30"]
[Round "5.57"]
[White "Mirowska, Oliwia"]
[Black "Kaliszuk, Kamil"]
[Result "1/2-1/2"]
[WhiteTitle "I++"]
[BlackTitle "II"]
[WhiteElo "1429"]
[BlackElo "1457"]

1. d3 g6 2. f4 d5 3. Nf3 Nf6 4. g3 Bg7 5. Bg2 O-O 6. O-O Nc6 7. Qe1 Re8 8. e4 e5
9. fxe5 Nxe5 10. Nxe5 Rxe5 11. Nc3 dxe4 12. dxe4 c6 13. Bf4 Re8 14. Kh1 Qb6 15.
Qc1 Ng4 16. Nd1 Be6 17. c3 Rad8 18. Ne3 Rd3 19. Nxg4 Bxg4 20. h3 Be6 21. Kh2 Red8
22. Qc2 h6 23. h4 Qa5 24. Qc1 Kh7 25. Bh3 Bxh3 26. Kxh3 Qa4 27. Qe1 Qc4 28. Rf2
b5 29. a3 Re8 30. e5 f6 31. Qf1 fxe5 32. Bd2 Qe6+ 33. Kh2 Red8 34. Qe1 Qg4 35.
Rg2 Rf8 36. Be3 Qd7 37. Qe2 e4 38. Re1 Rf3 39. Bf4 Qd5 40. Qxe4 Qxe4 41. Rxe4
Rd1 42. Ree2 Rff1 43. Rgf2 Rxf2+ 1/2-1/2

[Event "Druzynowe Mistrzostwa Polski Juniorow 2018 - II Liga"]
[Site "Szczyrk"]
[Date "1899-12-30"]
[Round "5.58"]
[White "Binek, Dawid"]
[Black "Bartuzi, Krzysztof"]
[Result "0-1"]
[WhiteTitle "II"]
[BlackTitle "II"]
[WhiteElo "1325"]
[BlackElo "1200"]

1. Nf3 e6 2. d4 d5 3. c4 c6 4. Qc2 Nf6 5. Bf4 dxc4 6. e4 b5 7. Be2 Bb7 8. Bg5 Be7
9. Bxf6 Bxf6 10. e5 Be7 11. O-O O-O 12. Nc3 Nd7 13. a4 a6 14. b3 b4 15. Na2 c3
16. Bd3 h6 17. Qe2 c5 18. dxc5 Nxc5 19. Nxb4 Nxb3 20. Rab1 Bxf3 21. gxf3 Nd2 22.
Rfd1 Kh8 23. Be4 Bxb4 24. Bxa8 Qg5+ 25. Kh1 c2 26. Rxb4 Rcxd1+ 27. Qxd1 Rxa8 28.
f4 Qd8 29. Qa1 Qd5+ 30. Kg1 Rc8 31. Qb2 Nf3+ 32. Kg2 Nxe5+ 33. Kg1 Nd3 0-1

[Event "Druzynowe Mistrzostwa Polski Juniorow 2018 - II Liga"]
[Site "Szczyrk"]
[Date "1899-12-30"]
[Round "5.59"]
[White "Wolak, Julia"]
[Black "Orlik, Sandra"]
[Result "0-1"]
[WhiteTitle "I"]
[BlackTitle "I++"]
[WhiteElo "1265"]
[BlackElo "1683"]

1. d4 d5 2. c3 e6 3. Bf4 c5 4. e3 Nc6 5. Nf3 Nf6 6. Bd3 Be7 7. Nbd2 O-O 8. O-O
cxd4 9. exd4 Nd7 10. Qc2 f5 11. c4 Nf6 12. Rfe1 Ne4 13. cxd5 exd5 14. a3 g5 15.
Qb3 Kh8 16. Be5+ Nxe5 17. Bxe4 dxe4 18. Nxe5 Qxd4 19. Qc3 Qxc3 20. bxc3 Bf6 21.
Nec4 b5 22. Ne3 Bxc3 23. Ra2 Rd8 24. Re2 Be6 25. Rc2 Rac8 26. h3 Rd3 27. Nb1 f4
28. Nf1 Bf5 29. Nbd2 Re8 30. Nb3 Rc8 31. Nbd2 Rd4 32. g4 Bg6 33. Nb1 Rdc4 34.
Nxc3 Rxc3 35. Rxc3 Rxc3 36. Rd2 Rxa3 37. Kg2 b4 38. Rb2 a5 39. Nd2 Kg7 40. Nc4
Ra1 41. Nd2 Kf6 42. Rc2 a4 43. Rc6+ Ke5 44. Ra6 Ra2 45. Rb6 Rxd2 0-1

[Event "Druzynowe Mistrzostwa Polski Juniorow 2018 - II Liga"]
[Site "Szczyrk"]
[Date "1899-12-30"]
[Round "5.60"]
[White "Bienek, Magdalena"]
[Black "Hals, Emilia"]
[Result "0-1"]
[WhiteTitle "II"]
[BlackTitle "I"]
[WhiteElo "1149"]
[BlackElo "1243"]

1. c4 e6 2. Nc3 d5 3. cxd5 exd5 4. d4 Nf6 5. g3 c6 6. Bg2 Nbd7 7. Bf4 Bb4 8. Rc1
O-O 9. Nf3 Nb6 10. O-O Bf5 11. Re1 Ne4 12. Nd2 Nxc3 13. bxc3 Ba3 14. Ra1 Bb2 15.
Rc1 Bxc1 16. Qxc1 Re8 17. e4 dxe4 18. Nxe4 Nd5 19. Bd2 Bxe4 20. Bxe4 Nf6 21. Bg2
Rxe1+ 22. Qxe1 Qe8 23. Qd1 Qe6 24. Qb1 b6 25. h3 Re8 26. Be3 Nh5 27. Bf3 Nxg3
28. Bg4 Qd5 29. fxg3 Rxe3 30. Qf1 Rxg3+ 31. Kh2 Rxc3 32. Qe1 Rc2+ 33. Kg3 Qg2+
34. Kh4 Qf2+ 35. Qxf2 Rxf2 36. Bd7 Rf4+ 37. Kg3 Rxd4 38. Bxc6 Kf8 39. Bf3 Rd3
40. Kg4 h5+ 41. Kf4 Rxf3+ 42. Kxf3 Ke7 43. Ke3 Ke6 44. h4 Ke5 45. a4 f6 46. Ke2
g5 47. hxg5 fxg5 48. Kf3 g4+ 49. Kg3 Ke4 50. Kg2 h4 51. a5 bxa5 52. Kg1 a4 53.
Kg2 a3 54. Kg1 Ke3 55. Kg2 a2 56. Kg1 Kf3 0-1

[Event "Druzynowe Mistrzostwa Polski Juniorow 2018 - II Liga"]
[Site "Szczyrk"]
[Date "1899-12-30"]
[Round "5.61"]
[White "Krupinski, Mikolaj"]
[Black "Twardowski, Hubert"]
[Result "0-1"]
[WhiteTitle "II"]
[BlackTitle "I"]
[WhiteElo "1531"]
[BlackElo "1728"]

1. e4 d6 2. d4 Nf6 3. Nc3 g6 4. Bg5 Bg7 5. Qd2 c6 6. O-O-O O-O 7. f4 b5 8. e5 dxe5
9. dxe5 Qxd2+ 10. Rxd2 b4 11. Na4 Ne4 12. Bxe7 Nxd2 13. Bxf8 Nxf1 14. Bc5 Nd7
15. Bf2 Nxe5 16. fxe5 Bh6+ 17. Kd1 Ne3+ 18. Bxe3 Bxe3 19. Nf3 Ba6 20. Ne1 Bb5
21. b3 Rd8+ 22. Nd3 Bxd3 23. cxd3 Bf4 24. Kc2 Bxe5 25. h3 Bd4 26. Re1 Kf8 27.
Re4 c5 28. Kd2 Re8 29. Rg4 f5 30. Rg3 Kf7 31. Rf3 Kg7 32. Rg3 Re5 33. Rf3 Kf6
34. h4 h6 35. g4 g5 36. hxg5+ hxg5 37. gxf5 Rxf5 38. Rh3 Rf2+ 39. Kd1 g4 40. Rh6+
Kg5 41. Re6 g3 42. Re8 Kg4 43. Rg8+ Kf3 44. Ke1 Re2+ 45. Kf1 g2+ 46. Rxg2 Rxg2
47. Nxc5 Bxc5 48. d4 Bxd4 49. a4 Rg1# 0-1

[Event "Druzynowe Mistrzostwa Polski Juniorow 2018 - II Liga"]
[Site "Szczyrk"]
[Date "1899-12-30"]
[Round "5.62"]
[White "Sulima, Franciszek"]
[Black "Owoc, Jakub"]
[Result "1-0"]
[WhiteTitle "II"]
[BlackTitle "II"]
[WhiteElo "1281"]
[BlackElo "1511"]

1. e4 c6 2. d4 d5 3. Nc3 dxe4 4. Nxe4 Bf5 5. Ng3 Bg6 6. Nf3 e6 7. Bd3 Bxd3 8. Qxd3
Bd6 9. Bd2 Nf6 10. O-O Nbd7 11. Rfe1 O-O 12. Ne4 Nxe4 13. Qxe4 Qf6 14. Bg5 Qg6
15. Qxg6 hxg6 16. c3 Rfe8 17. Re2 f6 18. Bh4 g5 19. Bg3 Bxg3 20. hxg3 Kf7 21.
Rae1 Rac8 22. Nd2 f5 23. Nc4 Nf8 24. Nd6+ Kf6 25. Nxc8 Rxc8 26. f3 Re8 27. Kf2
Ng6 28. c4 Nh8 29. f4 g4 30. d5 cxd5 31. cxd5 e5 32. Rxe5 Rc8 33. Re8 Rc2+ 34.
R1e2 Rxe2+ 35. Rxe2 Ng6 36. d6 Nf8 37. Re7 a5 38. Rxb7 Ke6 39. d7 Nxd7 40. Rxd7
Kxd7 41. Ke3 Kc6 42. Kd4 Kb5 43. Ke5 Kc4 44. Kxf5 Kd3 45. Kg6 Kc2 46. Kxg7 Kxb2
47. f5 Kxa2 48. f6 Kb2 49. f7 a4 50. Qf8 a3 51. Qf4 a2 52. Qxg4 Kc2 53. Qe2+ Kb1
54. Qxa2+ Kxa2 55. g4 Ka3 56. g5 Ka2 57. g6 Ka3 58. Kf6 Ka2 59. g7 Ka3 60. Qg8
Kb4 61. Qc8 Kb5 62. Ke5 Kb6 63. Qc1 Kb5 64. Kd5 Kb4 65. Qb2+ Ka5 66. Kc5 Ka6 67.
Qb6# 1-0